Industrial Pharmacy (Record no. 6258)

MARC details
000 -LEADER
fixed length control field 00433nam a22001817a 4500
005 - DATE AND TIME OF LATEST TRANSACTION
control field 20240313104500.0
008 - FIXED-LENGTH DATA ELEMENTS--GENERAL INFORMATION
fixed length control field 200518b xxu||||| |||| 00| 0 eng d
020 ## - INTERNATIONAL STANDARD BOOK NUMBER
ISBN 97981897477663
041 ## - LANGUAGE CODE
Language code of text/sound track or separate title eng
082 ## - DEWEY DECIMAL CLASSIFICATION NUMBER
Classification number 615 BHA
100 ## - MAIN ENTRY--AUTHOR NAME
Personal name Bhaskaran DR. Shyamala
245 ## - TITLE STATEMENT
Title Industrial Pharmacy
250 ## - EDITION STATEMENT
Edition statement 5'th
260 ## - PUBLICATION, DISTRIBUTION, ETC. (IMPRINT)
Place of publication Delhi
Name of publisher Birla Publication
Year of publication 2019
300 ## - PHYSICAL DESCRIPTION
Number of Pages 296
650 ## - SUBJECT ADDED ENTRY--TOPICAL TERM
Topical Term Pharmacy
General subdivision D.PHARMA
942 ## - ADDED ENTRY ELEMENTS (KOHA)
Koha item type Books
Holdings
Lost status Damaged status Collection code Home library Current library Shelving location Date acquired Source of acquisition Cost, normal purchase price Full call number Accession Number Koha item type
    Reference JRU Library JRU Library SHELF-4-B 18/05/2020 PURCHASE 290.00 615 BHA 23965 Books